[Event "TCh-CHN 2015"]
[Site "China CHN"]
[Date "2015.12.11"]
[Round "22.3"]
[Board "2"]
[White "Xu, Yi"]
[Black "Li, Di"]
[Result "1-0"]
[WhiteTitle "FM"]
[BlackTitle "FM"]
[WhiteElo "2356"]
[BlackElo "2277"]
[WhiteTeam "Shanghai"]
[BlackTeam "Chengdu"]
[WhiteFideId "8605564"]
[BlackFideId "8607508"]
[EventDate "2015.04.10"]

1. e4 e5 2. Nf3 Nc6 3. Bc4 Nf6 4. d3 Bc5 5. c3 d6 6. Nbd2 O-O 7. h3 a6 8. Bb3
Be6 9. Bc2 h6 10. Nf1 d5 11. Qe2 Re8 12. g4 b5 13. Bb3 Na5 14. N3d2 Bf8 15. Ng3
c5 16. Bc2 d4 17. c4 g6 18. b3 Nc6 19. Nf3 Nh7 20. Kf1 Qf6 21. Kg2 Bd7 22. Rf1
Nd8 23. Ng1 Ne6 24. Qe1 Nf4+ 25. Bxf4 exf4 26. N3e2 h5 27. f3 Bd6 28. Qf2 Be5
29. Rfb1 Kh8 30. Kf1 Reb8 31. Nc1 Bc7 32. a3 a5 33. Ke1 Be5 34. a4 b4 35. Bd1
Kg7 36. Be2 Rh8 37. Bf1 Qe7 38. Bg2 Bf6 39. Kd1 Bh4 40. Qf1 Ng5 41. Ra2 Ra6 42.
Kc2 Rf6 43. Kb2 Qe5 44. Ka1 Ne6 45. Re2 Nd8 46. Rbb2 Nc6 47. Ka2 Qg5 48. Red2
Ne5 49. Kb1 Bg3 50. Nge2 hxg4 51. hxg4 Rh2 52. Rdc2 Qh4 53. Ng1 Rb6 54. Re2 Rb8
55. Ka2 Rh8 56. Kb1 Qh6 57. Ka2 Bh4 58. Bh3 Rh1 59. Bg2 Rh2 60. Bh3 Rxe2 61.
Rxe2 Bg3 62. Ka1 Qh4 63. Ka2 Be6 64. Ka1 Kf8 65. Ka2 Ke7 66. Ka1 Kd6 67. Ka2 f6
68. Ka1 Nf7 69. Kb2 Ke5 70. Rc2 Ng5 71. Bg2 Be1 72. Re2 Bc3+ 73. Kc2 Qg3 74. Kd1
Rh2 75. Rf2 Qh4 76. Nce2 Qxg4 77. Kc2 Be1 1-0

[Event "TCh-CHN 2015"]
[Site "China CHN"]
[Date "2015.12.11"]
[Round "22.3"]
[Board "3"]
[White "Lou, Yiping"]
[Black "Xu, Xiangyu CHN"]
[Result "1/2-1/2"]
[WhiteTitle "IM"]
[WhiteElo "2453"]
[BlackElo "2243"]
[WhiteTeam "Shanghai"]
[BlackTeam "Chengdu"]
[WhiteFideId "8603928"]
[BlackFideId "8608288"]
[EventDate "2015.04.10"]

1. d4 Nf6 2. c4 g6 3. Nf3 Bg7 4. e3 O-O 5. Be2 b6 6. O-O Bb7 7. Nc3 d5 8. cxd5
Nxd5 9. Bd2 Nd7 10. Qc2 e6 11. e4 Nxc3 12. Bxc3 c5 13. Rad1 Qe7 14. d5 exd5 15.
exd5 Qd6 16. Bc4 Rfe8 17. Rfe1 Rad8 18. Re6 Qf4 19. Bd2 Qb8 20. Rxe8+ Rxe8 21.
Bb5 Rd8 22. Bg5 Nf6 23. Bc6 Bxc6 24. dxc6 Rxd1+ 25. Qxd1 Qc7 26. Bxf6 Bxf6 27.
Qd5 Kf8 28. g3 Ke7 29. Qe4+ Kd8 30. Qd5+ Ke7 31. Qe4+ 1/2-1/2

[Event "TCh-CHN 2015"]
[Site "China CHN"]
[Date "2015.12.11"]
[Round "22.3"]
[Board "4"]
[White "Li, Yunshan"]
[Black "Zhang, Xiaowen"]
[Result "1/2-1/2"]
[WhiteTitle "WFM"]
[BlackTitle "WGM"]
[WhiteElo "1916"]
[BlackElo "2349"]
[WhiteTeam "Chengdu"]
[BlackTeam "Shanghai"]
[WhiteFideId "8607664"]
[BlackFideId "8603219"]
[EventDate "2015.04.10"]

1. d4 Nf6 2. c4 e6 3. Nf3 d5 4. g3 dxc4 5. Bg2 Bb4+ 6. Bd2 c5 7. dxc5 Bxc5 8.
Qa4+ Nbd7 9. O-O O-O 10. Qxc4 b6 11. b4 Be7 12. Nc3 Bb7 13. Rfd1 Rc8 14. Qb3 Qc7
15. Nb5 Bd5 16. Nxc7 Bxb3 17. axb3 Rxc7 18. Bf4 Rc3 19. Rdb1 Bxb4 20. Bd2 a5 21.
Bxc3 Bxc3 22. Ra2 Nc5 23. Rc2 Bb4 24. Ne5 Nfe4 25. Bxe4 Nxe4 26. f3 Nc3 27. Rbc1
f6 28. Nd7 Rc8 29. Nxb6 Nxe2+ 30. Kg2 Rxc2 31. Rxc2 Nd4 32. Rc8+ Kf7 33. Rc7+
Kg6 34. Nc4 Nxb3 35. Rb7 Nd4 36. Ra7 Nb3 37. Rb7 Nd4 38. Ra7 Nb3 39. Rb7 1/2-1/2

[Event "TCh-CHN 2015"]
[Site "China CHN"]
[Date "2015.12.11"]
[Round "22.3"]
[Board "5"]
[White "Ren, Xiaoyi"]
[Black "Ju, Wenjun"]
[Result "0-1"]
[BlackTitle "GM"]
[WhiteElo "2211"]
[BlackElo "2557"]
[WhiteTeam "Chengdu"]
[BlackTeam "Shanghai"]
[WhiteFideId "8608709"]
[BlackFideId "8603006"]
[EventDate "2015.04.10"]

1. d4 Nf6 2. c4 e6 3. Nf3 Bb4+ 4. Bd2 a5 5. g3 d5 6. Bg2 dxc4 7. O-O O-O 8. a3
Bxd2 9. Nbxd2 b5 10. Ne5 Nd5 11. Ne4 f6 12. Nf3 Nd7 13. Rc1 a4 14. Nc5 Qe7 15.
e4 N5b6 16. Nxd7 Bxd7 17. d5 e5 18. Qd2 Rfd8 19. Rcd1 Qc5 20. Ne1 Bg4 21. Rc1 c6
22. h3 Bh5 23. g4 Bg6 24. Rd1 cxd5 25. exd5 e4 26. d6 Nc8 27. d7 Nb6 28. Qc2 Qe5
29. h4 h5 30. f4 Qc5+ 31. Kh1 Rxd7 32. Rxd7 Nxd7 33. f5 Bf7 34. g5 fxg5 35. hxg5
Re8 36. g6 Bd5 37. Qe2 Nf6 38. Nc2 e3 39. Ne1 Bxg2+ 40. Nxg2 Ng4 41. Rf4 Qd5 42.
Kg1 Qd2 0-1

[Event "TCh-CHN 2015"]
[Site "China CHN"]
[Date "2015.12.11"]
[Round "22.4"]
[Board "1"]
[White "Zhao, Jun"]
[Black "Ma, Qun"]
[Result "1/2-1/2"]
[WhiteTitle "GM"]
[BlackTitle "GM"]
[WhiteElo "2621"]
[BlackElo "2609"]
[WhiteTeam "Shandong"]
[BlackTeam "Tianjing"]
[WhiteFideId "8602522"]
[BlackFideId "8603154"]
[EventDate "2015.04.10"]

1. d4 d5 2. c4 c6 3. cxd5 cxd5 4. Nc3 Nf6 5. Nf3 Nc6 6. Bf4 Bf5 7. e3 e6 8. Bd3
Bxd3 9. Qxd3 Bd6 10. Bxd6 Qxd6 11. O-O O-O 12. Rfc1 Rfc8 13. h3 h6 14. Nb5 Qb8
15. Nc3 Nd7 16. Nd2 Qd6 17. Nb5 Qb8 18. Nc3 Qd6 19. Nb5 Qb8 20. Nc3 Qd6 1/2-1/2

[Event "TCh-CHN 2015"]
[Site "China CHN"]
[Date "2015.12.11"]
[Round "22.4"]
[Board "2"]
[White "Wen, Yang"]
[Black "Wang, Yue"]
[Result "1/2-1/2"]
[WhiteTitle "GM"]
[BlackTitle "GM"]
[WhiteElo "2573"]
[BlackElo "2726"]
[WhiteTeam "Shandong"]
[BlackTeam "Tianjing"]
[WhiteFideId "8602956"]
[BlackFideId "8601429"]
[EventDate "2015.04.10"]

1. Nf3 Nf6 2. g3 d5 3. Bg2 e6 4. O-O Be7 5. c4 O-O 6. d4 dxc4 7. Qc2 a6 8. Qxc4
b5 9. Qc2 Bb7 10. Bd2 Be4 11. Qc1 Bb7 12. Qc2 Be4 13. Qc1 Bb7 14. Bf4 Nd5 15.
Nc3 Nxf4 16. Qxf4 Bd6 17. Qh4 Be7 18. Qf4 Bd6 19. Qe3 Nd7 20. a3 Qe7 21. Ne4 Bd5
22. Nc3 Bb7 23. Ne4 Bd5 24. Nc3 Bb7 25. Ne4 1/2-1/2

[Event "TCh-CHN 2015"]
[Site "China CHN"]
[Date "2015.12.11"]
[Round "22.4"]
[Board "4"]
[White "Ni, Shiqun"]
[Black "Xiao, Yiyi"]
[Result "0-1"]
[WhiteTitle "WIM"]
[BlackTitle "WFM"]
[WhiteElo "2315"]
[BlackElo "2218"]
[WhiteTeam "Tianjing"]
[BlackTeam "Shandong"]
[WhiteFideId "8608466"]
[BlackFideId "8606161"]
[EventDate "2015.04.10"]

1. e4 c5 2. Nf3 Nc6 3. Bb5 d6 4. O-O Bd7 5. Re1 Nf6 6. c3 a6 7. Bf1 Bg4 8. d4
cxd4 9. cxd4 e5 10. d5 Nd4 11. Be3 Nxf3+ 12. gxf3 Bd7 13. Nd2 b5 14. a4 Be7 15.
axb5 axb5 16. b4 O-O 17. Nb3 Rxa1 18. Qxa1 Nh5 19. Qa5 Qe8 20. Qc7 f5 21. Bg2
Nf6 22. Na5 fxe4 23. fxe4 Ng4 24. Nc6 Bh4 25. Bb6 Qf7 26. Rf1 Qf4 27. Ra1 Bxf2+
28. Bxf2 Qxh2+ 0-1

[Event "TCh-CHN 2015"]
[Site "China CHN"]
[Date "2015.12.11"]
[Round "22.4"]
[Board "5"]
[White "Khotenashvili, Bela"]
[Black "Xu, Huahua"]
[Result "1-0"]
[WhiteTitle "GM"]
[BlackTitle "WIM"]
[WhiteElo "2513"]
[BlackElo "2105"]
[WhiteTeam "Tianjing"]
[BlackTeam "Shandong"]
[WhiteFideId "13602640"]
[BlackFideId "8604096"]
[EventDate "2015.04.10"]

1. d4 d5 2. c4 dxc4 3. Nf3 Nf6 4. e3 e6 5. Bxc4 Nbd7 6. Nc3 a6 7. a4 Be7 8. O-O
Nb6 9. Bd3 c5 10. Qe2 Nbd5 11. Rd1 O-O 12. e4 Nb4 13. Bb1 cxd4 14. Rxd4 Nd7 15.
e5 Nc6 16. Rd1 Qc7 17. Bf4 Rd8 18. h4 Nf8 19. Rxd8 Qxd8 20. h5 Nd4 21. Nxd4 Qxd4
22. Be4 Rb8 23. Rd1 Qb4 24. h6 g6 25. Qd2 Bd7 26. Bg5 Be8 27. Bxe7 Qxe7 28. Qd6
Qxd6 29. Rxd6 b5 30. a5 b4 31. Nd1 Bb5 32. Ne3 Nd7 33. f4 f5 34. Bc6 Nc5 35.
Bxb5 Rxb5 36. Nc4 Ne4 37. Rxa6 g5 38. Ra8+ Kf7 39. Nd6+ Nxd6 40. exd6 Rd5 41. a6 1-0

[Event "TCh-CHN 2015"]
[Site "China CHN"]
[Date "2015.12.11"]
[Round "22.5"]
[Board "1"]
[White "Gao, Rui"]
[Black "Dubov, Daniil"]
[Result "1-0"]
[WhiteTitle "GM"]
[BlackTitle "GM"]
[WhiteElo "2533"]
[BlackElo "2655"]
[WhiteTeam "Hangzhou"]
[BlackTeam "Guangdong"]
[WhiteFideId "8602387"]
[BlackFideId "24126055"]
[EventDate "2015.04.10"]

1. e4 e5 2. Nf3 Nc6 3. Bb5 a6 4. Ba4 Nf6 5. O-O Be7 6. Re1 b5 7. Bb3 d6 8. c3
O-O 9. h3 Bb7 10. d4 Re8 11. Nbd2 Bf8 12. a3 g6 13. Ba2 Bg7 14. b4 exd4 15. cxd4
a5 16. Qb3 d5 17. e5 axb4 18. axb4 Nh5 19. Nf1 Bf8 20. Bd2 Ra4 21. Qxd5 Qxd5 22.
Bxd5 Rd8 23. Be4 f5 24. Bc2 Rxa1 25. Bb3+ Kg7 26. Rxa1 Bxb4 27. Ng5 Nxd4 28.
Bxb4 Nf4 29. Ra7 Rb8 30. Ba5 Nc6 31. Bxc7 Nxa7 32. Bxb8 Nc6 33. Bd6 Nd4 34. Bd1
h6 35. Nf3 Nxh3+ 36. gxh3 Nxf3+ 37. Bxf3 Bxf3 38. e6 Kf6 39. e7 Kf7 40. Nd2 Bd5
41. f3 g5 42. Kf2 Be6 43. f4 Bd7 44. Kg3 Ke6 45. Ba3 Kd5 46. Nf3 1-0

[Event "TCh-CHN 2015"]
[Site "China CHN"]
[Date "2015.12.11"]
[Round "22.5"]
[Board "2"]
[White "Lysyj, Igor"]
[Black "Xu, Yinglun"]
[Result "1/2-1/2"]
[WhiteTitle "GM"]
[WhiteElo "2691"]
[BlackElo "2443"]
[WhiteTeam "Hangzhou"]
[BlackTeam "Guangdong"]
[WhiteFideId "4150120"]
[BlackFideId "8604940"]
[EventDate "2015.04.10"]

1. Nf3 d5 2. e3 Nf6 3. c4 e6 4. b3 Be7 5. Bb2 O-O 6. Nc3 dxc4 7. Bxc4 c5 8. d4
Nc6 9. dxc5 Bxc5 10. Qe2 e5 11. Ng5 Qe7 12. O-O e4 13. Nd5 Nxd5 14. Qh5 Bf5 15.
Bxd5 Bg6 16. Qg4 h5 17. Qh4 Nb4 18. Bc4 Nc2 19. Be2 Nxe3 20. Bxh5 Nf5 21. Qg4
Nh6 22. Qh4 Nf5 23. Qg4 Nh6 24. Qh4 1/2-1/2

[Event "TCh-CHN 2015"]
[Site "China CHN"]
[Date "2015.12.11"]
[Round "22.5"]
[Board "3"]
[White "Bai, Jinshi"]
[Black "Zeng, Chongsheng"]
[Result "1/2-1/2"]
[WhiteTitle "IM"]
[BlackTitle "GM"]
[WhiteElo "2518"]
[BlackElo "2541"]
[WhiteTeam "Hangzhou"]
[BlackTeam "Guangdong"]
[WhiteFideId "8602280"]
[BlackFideId "8603847"]
[EventDate "2015.04.10"]

1. Nf3 Nf6 2. g3 g6 3. b3 Bg7 4. Bb2 O-O 5. Bg2 d6 6. d4 c6 7. O-O Bg4 8. Nbd2
Nbd7 9. h3 Bxf3 10. Nxf3 Qc7 11. Re1 e5 12. dxe5 dxe5 13. e4 Rfe8 14. Qe2 Nc5
15. Nd2 a5 16. a4 Ne6 17. Nf3 Nd7 18. Rad1 c5 19. Nd2 Nd4 20. Qd3 Red8 21. Nc4
Nb6 22. Kh1 Nxc4 23. Qxc4 Qb6 24. Ba3 Rac8 25. Rd3 Qe6 26. Red1 Qxc4 27. bxc4
Bf6 28. c3 Ne6 29. Rd5 b6 30. h4 Nc7 31. Rd7 Ne8 32. Bh3 Rxd7 33. Rxd7 Rd8 34.
Rb7 Rd1+ 35. Kg2 Nd6 36. Rxb6 Nxe4 37. Kf3 Re1 38. Bc1 Kg7 39. Be3 Nxc3 40. Rb7
e4+ 41. Kg2 Bd4 42. Bd2 Re2 43. Bxc3 Bxc3 44. Be6 Kf6 45. Bd5 Ke5 46. Rxf7 h5
47. Re7+ Kd4 48. Bf7 Kd3 49. Bxg6 Bd4 50. Rxe4 Rxf2+ 51. Kh3 Kxc4 52. Bxh5 Kb3
53. Bd1+ Kc3 54. Be2 c4 55. h5 Kb3 56. Bd1+ Kc3 57. Be2 Kb3 58. Bg4 Kc3 59. Be2
Kb3 60. Bg4 Kc3 61. Be2 Kb3 62. Bg4 Kc3 1/2-1/2

[Event "TCh-CHN 2015"]
[Site "China CHN"]
[Date "2015.12.11"]
[Round "22.5"]
[Board "4"]
[White "Li, Xueyi"]
[Black "Gu, Tianlu"]
[Result "1/2-1/2"]
[BlackTitle "WIM"]
[WhiteElo "2190"]
[BlackElo "2182"]
[WhiteTeam "Guangdong"]
[BlackTeam "Hangzhou"]
[WhiteFideId "8605912"]
[BlackFideId "8603995"]
[EventDate "2015.04.10"]

1. d4 d5 2. c4 e6 3. Nc3 c6 4. Nf3 f5 5. Bf4 Nf6 6. e3 Bd6 7. Ne5 Qe7 8. Bd3 O-O
9. Qe2 Nbd7 10. h3 Ne4 11. O-O Bxe5 12. dxe5 Nxc3 13. bxc3 b6 14. Rfd1 Bb7 15.
cxd5 exd5 16. c4 Nxe5 17. cxd5 cxd5 18. Ba6 Ng6 19. Bxb7 Qxb7 20. Bg3 Rad8 21.
Rd4 Rd7 22. Rad1 b5 23. Qf3 Ne7 24. Bh4 Ng6 25. Bg3 Ne7 26. Bh4 Ng6 27. Bg3 1/2-1/2

[Event "TCh-CHN 2015"]
[Site "China CHN"]
[Date "2015.12.11"]
[Round "22.5"]
[Board "5"]
[White "Munguntuul, Batkhuyag"]
[Black "Lei, Tingjie"]
[Result "1/2-1/2"]
[WhiteTitle "IM"]
[BlackTitle "WGM"]
[WhiteElo "2426"]
[BlackElo "2444"]
[WhiteTeam "Guangdong"]
[BlackTeam "Hangzhou"]
[WhiteFideId "4900758"]
[BlackFideId "8605114"]
[EventDate "2015.04.10"]

1. d4 Nf6 2. Nf3 g6 3. Bg5 Bg7 4. Nbd2 O-O 5. e4 d5 6. Bd3 h6 7. Be3 dxe4 8.
Nxe4 Nbd7 9. Nxf6+ Nxf6 10. O-O b6 11. Ne5 Bb7 12. c3 c5 13. dxc5 bxc5 14. Bb5
Qb6 15. Qb3 Kh7 16. Rfd1 Rab8 17. Bf4 Bd5 18. Bc4 Rbd8 19. Rxd5 Qxb3 20. axb3
Nxd5 21. Bg3 Nb6 22. Bf1 Bxe5 23. Bxe5 Rd5 24. Bf4 Rfd8 25. Rxa7 Nc8 26. Rc7 Rd1
27. g3 Rb1 28. Kg2 Rxb2 29. Rxc5 Rxb3 30. Rc7 Nb6 31. Rb7 Rd7 32. Rb8 Rb2 33. c4
Nxc4 34. Bxc4 Rxb8 35. Bxb8 Kg7 36. h4 Rb7 37. Bf4 f6 38. Be3 e5 39. Bd3 Rb3 40.
Bc4 Rb4 41. Bd5 f5 42. Bc6 Rc4 43. Bb5 Rb4 44. Bd7 Rb7 45. Bc8 Rb8 46. Ba6 Ra8
47. Bf1 Ra1 48. Bd2 Ra2 49. Be3 Ra1 50. Bd2 Ra2 51. Be3 1/2-1/2

[Event "TCh-CHN 2015"]
[Site "China CHN"]
[Date "2015.12.11"]
[Round "22.6"]
[Board "2"]
[White "Xu, Minghui"]
[Black "Yu, Ruiyuan"]
[Result "1/2-1/2"]
[BlackTitle "GM"]
[WhiteElo "2229"]
[BlackElo "2571"]
[WhiteTeam "Zhejiang"]
[BlackTeam "Jiangsu"]
[WhiteFideId "8606790"]
[BlackFideId "8603090"]
[EventDate "2015.04.10"]

1. d4 d5 2. c4 c6 3. Nf3 dxc4 4. e3 Be6 5. a4 Nf6 6. Na3 c5 7. Nxc4 Nc6 8. Nce5
cxd4 9. Nxc6 bxc6 10. Qxd4 Qxd4 11. Nxd4 Bd5 12. Bd2 e5 13. Nf3 Bd6 14. Bc3 Ne4
15. Nd2 Nxc3 16. bxc3 Rb8 17. e4 Be6 18. Bc4 Ke7 19. Bxe6 Kxe6 20. Nc4 Bc5 21.
Ke2 Rb3 22. Rac1 g6 23. f3 f5 24. Kd2 f4 25. Kc2 Rb7 26. Rhd1 g5 27. Rb1 Rg7 28.
h3 h5 29. Rh1 Rgh7 30. Kd3 Rg7 31. Ke2 Rhg8 32. Nd2 Kf6 33. Nf1 Rd7 34. Nd2 Rg6
35. Rh2 Rg8 36. Rhh1 Ke6 37. Rbd1 Rdg7 38. Rb1 Rd7 39. Rbd1 Rg6 40. Rh2 Rb7 41.
Rhh1 Rg8 42. Rb1 Rbg7 43. Nf1 Kf6 44. Nh2 Bb6 45. Rhd1 Ke6 46. Rd2 Bc5 47. Rbd1
Rh7 48. Rb2 Rc7 49. Rbb1 Rf7 50. Rb2 Re7 51. Rbb1 Bb6 52. Rb2 Ba5 53. Rd3 Rgg7
54. Rbd2 Bc7 55. Rb2 Bd6 56. Rd1 1/2-1/2

[Event "TCh-CHN 2015"]
[Site "China CHN"]
[Date "2015.12.11"]
[Round "22.6"]
[Board "3"]
[White "Lu, Shanglei"]
[Black "Lin, Chen"]
[Result "1/2-1/2"]
[WhiteTitle "GM"]
[BlackTitle "IM"]
[WhiteElo "2570"]
[BlackElo "2448"]
[WhiteTeam "Zhejiang"]
[BlackTeam "Jiangsu"]
[WhiteFideId "8603332"]
[BlackFideId "8602298"]
[EventDate "2015.04.10"]

1. Nc3 d5 2. e4 dxe4 3. Nxe4 Nd7 4. Qe2 Ngf6 5. d3 Nxe4 6. dxe4 e5 7. Be3 Bb4+
8. c3 Bc5 9. O-O-O Qe7 10. Nf3 O-O 11. Nd2 a5 12. Nb3 Bxe3+ 13. Qxe3 a4 14. Na1
Nc5 15. Bc4 Be6 16. Bxe6 Nxe6 17. Nc2 Rfd8 18. f3 c6 19. Rxd8+ Rxd8 20. Rd1
Rxd1+ 21. Kxd1 Nc5 22. Nb4 g6 23. Kc2 Kg7 24. Kd1 Kg8 25. Kc2 Kg7 26. Kd1 Kg8
27. Kc2 Kg7 1/2-1/2

[Event "TCh-CHN 2015"]
[Site "China CHN"]
[Date "2015.12.11"]
[Round "22.6"]
[Board "4"]
[White "Guo, Qi"]
[Black "Zhu, Jiner"]
[Result "1-0"]
[WhiteTitle "IM"]
[WhiteElo "2443"]
[BlackElo "1989"]
[WhiteTeam "Jiangsu"]
[BlackTeam "Zhejiang"]
[WhiteFideId "8604002"]
[BlackFideId "8608059"]
[EventDate "2015.04.10"]

1. d4 Nf6 2. Nf3 e6 3. c4 d5 4. Nc3 Bb4 5. Bg5 h6 6. Bxf6 Qxf6 7. e3 O-O 8. Rc1
Nc6 9. a3 Bxc3+ 10. Rxc3 Rd8 11. cxd5 exd5 12. Be2 Bf5 13. Qb3 Rab8 14. O-O Qd6
15. Rfc1 Re8 16. Bb5 Bd7 17. Rc5 a6 18. Rxd5 Qe7 19. Bc4 b5 20. Bd3 Rb6 21. Rdc5
Rc8 22. Qc2 Qd6 23. Bh7+ Kh8 24. Bf5 Bxf5 25. Qxf5 Rf8 26. Ne5 Nxe5 27. Qxe5
Qxe5 28. Rxe5 b4 29. a4 f6 30. Rec5 b3 31. Rxc7 Rb4 32. R7c4 Rfb8 33. Kf1 Kg8
34. Ke2 Kf7 35. Rxb4 Rxb4 36. a5 Rb5 37. Rc7+ Kg6 38. Rc5 Rb4 39. Kd2 Kf7 40.
Kc3 Rb7 41. Rc6 Ra7 42. Kxb3 Ke7 43. Kc4 Kd7 44. d5 h5 45. b4 1-0

[Event "TCh-CHN 2015"]
[Site "China CHN"]
[Date "2015.12.11"]
[Round "22.6"]
[Board "5"]
[White "Shen, Yang"]
[Black "Ding, Yixin"]
[Result "1/2-1/2"]
[WhiteTitle "IM"]
[BlackTitle "WGM"]
[WhiteElo "2459"]
[BlackElo "2434"]
[WhiteTeam "Jiangsu"]
[BlackTeam "Zhejiang"]
[WhiteFideId "8603162"]
[BlackFideId "8602972"]
[EventDate "2015.04.10"]

1. d4 Nf6 2. c4 g6 3. Nf3 Bg7 4. Nc3 d5 5. Bg5 Ne4 6. cxd5 Nxg5 7. Nxg5 e6 8.
Qd2 h6 9. Nge4 exd5 10. Nc5 c6 11. e3 Nd7 12. Nxd7 Bxd7 13. Be2 O-O 14. b4 a5
15. b5 a4 16. O-O Qa5 17. Rfd1 Rfd8 18. bxc6 bxc6 19. Rab1 Bf8 20. Qc2 Bb4 21.
Rdc1 Ba3 22. Rd1 Bb4 23. Rdc1 Ba3 24. Rd1 Bb4 25. Rdc1 Ba3 1/2-1/2